000
00303nam a22001217a 4500
003
SGT
082
_a
616.89
_b
C89H
100
_a
HOWTON, KEITH
245
_a
COGNITIVE BEHAVIOR THERAPY FOR PSYCHIATRIC PROBLEMS A PRACTICAL GUIDE
260
_b
OXFORD UNIVERSITY
_c
1989
300
_a
456
942
_2
ddc
_c
BK
999
_c
18148
_d
18148